<?xml version="1.0" encoding="UTF-8"?>
<record
    xmlns:xsi="http://www.w3.org/2001/XMLSchema-instance"
    xsi:schemaLocation="http://www.loc.gov/MARC21/slim http://www.loc.gov/standards/marcxml/schema/MARC21slim.xsd"
    xmlns="http://www.loc.gov/MARC21/slim">

  <leader>01299nam a22003017a 4500</leader>
  <controlfield tag="005">20101206113148.0</controlfield>
  <controlfield tag="008">101206t        xxu||||| |||| 00| 0 hin d</controlfield>
  <datafield tag="010" ind1=" " ind2=" ">
    <subfield code="a">HIN-91365</subfield>
  </datafield>
  <datafield tag="020" ind1=" " ind2=" ">
    <subfield code="c">180.00</subfield>
    <subfield code="a">8170640830</subfield>
  </datafield>
  <datafield tag="035" ind1=" " ind2=" ">
    <subfield code="a">HN-63711</subfield>
  </datafield>
  <datafield tag="037" ind1=" " ind2=" ">
    <subfield code="b">DBAD/PUB</subfield>
  </datafield>
  <datafield tag="040" ind1=" " ind2=" ">
    <subfield code="a">DPL</subfield>
    <subfield code="b">HN</subfield>
  </datafield>
  <datafield tag="082" ind1=" " ind2=" ">
    <subfield code="a">420</subfield>
  </datafield>
  <datafield tag="100" ind1=" " ind2=" ">
    <subfield code="9">24598</subfield>
  </datafield>
  <datafield tag="245" ind1=" " ind2=" ">
    <subfield code="a">&#x90F;&#x92A;&#x940;&#x938;&#x940; &#x921;&#x93E;&#x907;&#x91C;&#x947;&#x938;&#x94D;&#x91F; &#x939;&#x93F;&#x902;&#x926;&#x940; &#x915;&#x947;&#x928;&#x94D;&#x926;&#x94D;&#x930;&#x93F;&#x915; (&#x915;&#x94B;&#x930;):</subfield>
    <subfield code="b">&#x917;&#x94D;&#x92F;&#x93E;&#x930;&#x939;&#x935;&#x940;&#x902; &#x915;&#x915;&#x94D;&#x937;&#x93E; &#x915;&#x947; &#x932;&#x93F;&#x90F; /</subfield>
  </datafield>
  <datafield tag="246" ind1=" " ind2=" ">
    <subfield code="a">apc digest hindi kendrik (core)</subfield>
  </datafield>
  <datafield tag="250" ind1=" " ind2=" ">
    <subfield code="a">2&#x930;&#x93E; &#x938;&#x902;&#x938;&#x94D;&#x915;</subfield>
  </datafield>
  <datafield tag="260" ind1=" " ind2=" ">
    <subfield code="a">&#x928;&#x908; &#x926;&#x93F;&#x932;&#x94D;&#x932;&#x940;</subfield>
    <subfield code="b">&#x906;&#x930;&#x94D;&#x92F; &#x92A;&#x92C;&#x94D;&#x932;&#x93F;&#x936;&#x93F;&#x902;&#x917; &#x939;&#x93E;&#x909;&#x938;</subfield>
    <subfield code="c">2009</subfield>
  </datafield>
  <datafield tag="270" ind1=" " ind2=" ">
    <subfield code="b">&#x928;&#x908; &#x926;&#x93F;&#x932;&#x94D;&#x932;&#x940;</subfield>
    <subfield code="a">1569/30, &#x928;&#x93E;&#x908;&#x935;&#x93E;&#x932;&#x93E;, &#x915;&#x930;&#x94B;&#x932; &#x92C;&#x93E;&#x917;</subfield>
    <subfield code="e">110005</subfield>
    <subfield code="k">011- 28752745</subfield>
    <subfield code="l">011- 2875921</subfield>
  </datafield>
  <datafield tag="300" ind1=" " ind2=" ">
    <subfield code="a">&#x935;&#x93F;.&#x92A;&#x943;.</subfield>
    <subfield code="c">24&#x938;&#x947;&#x92E;&#x940; (&#x905;&#x91C;&#x93F;&#x932;&#x94D;&#x926;)</subfield>
  </datafield>
  <datafield tag="500" ind1=" " ind2=" ">
    <subfield code="a">&#x92A;&#x94D;&#x930;&#x936;&#x94D;&#x928;&#x94B;&#x924;&#x94D;&#x924;&#x930; &#x936;&#x948;&#x932;&#x940; &#x92E;&#x947;&#x902;</subfield>
  </datafield>
  <datafield tag="500" ind1=" " ind2=" ">
    <subfield code="a">&#x907;&#x938; &#x92A;&#x941;&#x938;&#x94D;&#x924;&#x915; &#x92E;&#x947; &#x92D;&#x93E;&#x917;-1,2,3</subfield>
  </datafield>
  <datafield tag="650" ind1=" " ind2=" ">
    <subfield code="9">1169</subfield>
  </datafield>
  <datafield tag="700" ind1=" " ind2=" ">
    <subfield code="9">24599</subfield>
  </datafield>
  <datafield tag="700" ind1=" " ind2=" ">
    <subfield code="9">24924</subfield>
  </datafield>
  <datafield tag="942" ind1=" " ind2=" ">
    <subfield code="2">ddc</subfield>
    <subfield code="c">HN</subfield>
    <subfield code="m">420&#x90F;&#x92A;&#x940;&#x938;&#x940;</subfield>
  </datafield>
  <datafield tag="999" ind1=" " ind2=" ">
    <subfield code="c">49409</subfield>
    <subfield code="d">49409</subfield>
  </datafield>
  <datafield tag="952" ind1=" " ind2=" ">
    <subfield code="0">0</subfield>
    <subfield code="1">0</subfield>
    <subfield code="2">ddc</subfield>
    <subfield code="4">0</subfield>
    <subfield code="7">1</subfield>
    <subfield code="8">NFIC</subfield>
    <subfield code="a">DBAD</subfield>
    <subfield code="b">DBAD</subfield>
    <subfield code="d">2010-12-22</subfield>
    <subfield code="e">DBAD /PUB</subfield>
    <subfield code="g">180.00</subfield>
    <subfield code="l">0</subfield>
    <subfield code="o">420&#x90F;&#x92A;&#x940;&#x938;&#x940;</subfield>
    <subfield code="p">HN-63711</subfield>
    <subfield code="r">2010-12-22 00:00:00</subfield>
    <subfield code="t">1</subfield>
    <subfield code="v">180.00</subfield>
    <subfield code="y">HN</subfield>
  </datafield>
</record>
